000 00514nam a2200181Ia 4500
005 20250508152151.0
008 008 250505s9999 xx 000 0 hin d
037 _aTextual
040 _aFEDL
_beng
_cFEDL
041 _ahin
_2eng
084 _aFH, ZWI
_qFEDL
100 _aChauhan Shiv Dan Singh
_9760942
245 0 _aStephean Zwing ki mahan kahaniya
260 _aDelhi, India
_bRanjeet Printers and Publishers
_c1957
300 _a244p.
942 _cTEXL
_hFH, ZWI
999 _c1334707
_d1334707